000
00268nam a2200109Ia 4500
005
20251222154427.0
008
251222s9999||||xx |||||||||||||| ||spa||
082
_a
818.591/H38
100
_a
"Hemingway, Ernest"
245
0
_a
Por quiƩn doblan las campanas
942
_c
LIB
999
_c
36284
_d
36284